Culture générale #1 - Statistiques

Statistiques générales
  • Ce quiz a été pris 55 fois
    9 depuis la dernière actualisation
  • Le résultat moyen est 5 sur 15
Statistiques - réponses
Question Réponse % Correct
Artiste ayant vendu le plus de disques en physique durant le XXème siècle (soit plus de 600 millions selon les estimations), surnommé « The King of Rock and Roll » Elvis Presley
83%
La "dame de fer", Premier ministre du Royaume-Uni (de 1979 à 1990). Margaret Thatcher
83%
Pays dont la capitale est Antananarivo Madagascar
67%
Présidente de la commission européenne depuis 2019. Ursula von der Leyen
67%
Général chinois et stratège de l’Antiquité connu pour son ouvrage: "L'Art de la guerre" Sun tzu
50%
Famille d'origine espagnole ayant régné sur Rome et ayant fournit deux papes, de multiples cardinaux et ayant une réputation sulfureuse. Borgia
33%
Fondateur de l'Académie française. Cardinal Richelieu
33%
Deuxième plus haut sommet du monde et l'un des plus meurtrier. K2
33%
Pays avec le PIB (nominal) par habitant le plus important. Luxembourg
33%
Philosophe grec de l'antiquité connu pour vivre dans un tonneau ayant dit « Ôte-toi de mon soleil ! » à Alexandre le Grand. Diogène
17%
Plus grande réserve d'eau douce à l'état liquide du monde. Lac Baïkal
17%
Fromage fabriqué du sud-est de la Bourgogne et au centre de la Seine-et-Marne ayant le nom d'un fameux gastronome français, député durant période révolutionnaire. Brillat-Savarin
0%
Dictée écrite à la demande de l’impératrice Eugénie afin de distraire la cour, elle est réputée par sa difficulté. Dictée de Mérimée
0%
Diplomate et stratège américain controversé, architecte de la détente avec l’URSS et de l’ouverture vers la Chine dans les années 1970 et prix Nobel de la Paix en 1973. Henry Kissinger
0%
Plus grande entreprise du monde hors États‑Unis, en termes de capitalisation boursière (valorisation sur le marché) d'origine saoudienne. Saudi Aramco
0%
Aucun quiz correspondant
Distribution des résultats
% des personnes avec chaque résultat
Percentile par nombre de réponses
Votre historique - résultats
Vous n’avez pas pris ce quiz depuis la dernière actualisation